Science Quiz

Random Science Quiz

Pharmacy Practice I Drugs Part 2 (brand) Quiz Stats

 Plays Quiz not verified by Sporcle

Challenge
Share
Tweet
Embed
Score 0/75 Timer 20:00
0 Plays Today
Generic Name Brand Name % Correct
Ciprofloxacin HClCipro XR
89%
IbuprofenMotrin
83.4%
Amoxicillin Trihydrate/Clavulanate KAugmentin XR
82.6%
Azithromycin DihydrateZithromax/Zmax (ZPAK)
82.6%
CelecoxibCelebrex
82.2%
OmeprazolePrilosec
81.9%
Sulfamethoxazole/TrimethoprimBactrim/ Septra
81.1%
Cephalexin MonohydrateKeflex
80.6%
Amoxicillin TrihydrateAmoxil/Trimox
79.6%
Esomeprazole MgNexium
78.1%
ValacyclovirValtrex
77.6%
Sertraline HClZoloft
77.6%
Hydrocodone Bitartrate/APAPNorco/Lortab/Lorcet/Vicodin
76.3%
Tramadol HClUltram/Ryzolt
75.9%
LevofloxacinLevaquin
75.3%
Ranitidine HClZantac
75.3%
Oxycodone HCl EROxyContin
74.8%
Fluoxetine HClProzac
74.6%
OndansetronZofran
73.5%
FluconazoleDiflucan
72.9%
LansoprazolePrevacid
72.5%
MeloxicamMobic
72%
Metronidazole (Oral)Flagyl ER
71.6%
Oxycodone HCl/APAPPercocet/Roxicet/Endocet
71.2%
Pantoprazole NaProtonix
70.5%
Promethazine HClPhenergan
70.5%
CarisoprodolSoma
69.7%
NaproxenNaprosyn EC
69.2%
FamotidinePepcid
69%
Escitalopram Oxalate (unavailable)Lexapro
68.8%
Cyclobenzaprine HClAmrix/Flexeril/Fexmid
68.4%
Fentanyl Transdermal SystemDuragesic
67.7%
Polyethylene Glycol 3350, NFMiralax/Glycolax
67.5%
Diclofenac NaVoltaren XR
67.5%
CefdinirOmnicef
66.9%
NitrofurantoinMacrobid/Macrodantin
66.7%
Oseltamivir PhosphateTamiflu
66.7%
ColchicineColcrys
65.8%
Generic Name Brand Name % Correct
MethylprednisoloneMedrol
65.2%
Moxifloxacin HClAvelox
62.6%
Clindamycin HCL (Oral)Cleocin
60.9%
Minocycline HClMinocin
60%
MupirocinBactroban
59.6%
Cefuroxime AxetilCeftin
58.7%
Amitriptyline HClElavil
57.8%
Terbinafine HCl (oral)Lamisil
57.6%
AcyclovirZovirax
57.6%
Tramadol HCl/APAPUltracet
57%
Hydrocortisone (rectal)Anucort-HC/Anusol-HC/Cort-Dome
56.6%
LidocaineLidoderm
56.6%
Hydroxychloroquine SulfatePlaquenil
54.6%
Metoclopramide HClReglan
54%
Efavirenz, Emtricitabine, TenofovirAtripla
53.8%
Diphenoxylate-AtropineLomotil
53.5%
Morphine Sulfate CRMS Contin/Oramorph
53.3%
Nystatin (Topical)Nystop/Mycostatin
52.7%
AllopurinolZyloprim
51.4%
Penicillin V KVeetids/Pen-Vee K/V-Cillin
51.2%
Ketoconazole (Oral)Nizoral
49.7%
Oxycodone HCL IrOxy IR/Roxicodone
49.7%
Diclofenac Na (topical)Voltaren Gel
49.5%
PrednisoneDeltasone
48.8%
Dicyclomine HClBentyl
47.5%
Prednisolone Na PhosphateOrapred
47.5%
Tizanidine HClZanaflex
47.3%
Doxycycline HyclateVibramycin/Vibra-Tabs
46.5%
Trazodone HClDesyrel
45.2%
Nystatin (Systemic)Nystatin
43%
Methadone HClMethadose
41.7%
Hyoscyamine SulfateLevsin
38.3%
Clotrimazole/Betamethasone DipropionateLotrisone
38.1%
Tetracycline HydrochlorideSumycin
37.2%
FluocinonideVanos/Lidex
32.9%
CiclopiroxLoprox
28.2%
APAP/Codeine PhosphateTylenol Phenaphen
21.5%

You're not logged in!

Compare scores with friends on all Sporcle quizzes.
Join for Free
OR
Log In

You Might Also Like...

Show Comments

Extras

Created Mar 27, 2012ReportNominate
Tags:brand, drug, generic, pharmacy, practice

Top Quizzes Today


Score Distribution

Your Account Isn't Verified!

In order to create a playlist on Sporcle, you need to verify the email address you used during registration. Go to your Sporcle Settings to finish the process.

Report this User

Report this user for behavior that violates our Community Guidelines.

Details: